000 00249 a2200097 4500
001 41799
100 _aCompton's
245 _aCompton's Pictured Encyclopedia & Fact Index (Vol-VI)
260 _aChicago
_bF E Compton & Co.
_c
090 _c25910
_d25910
942 _aNUST-CAE
_cM
_c17681
999 _c276872
_d276872